Seguro : (Registro nro. 5990)

Detalles MARC
000 -LEADER
fixed length control field 01115nam a2200253Ia 4500
003 - CONTROL NUMBER IDENTIFIER
control field OSt
005 - DATE AND TIME OF LATEST TRANSACTION
control field 20200811112726.0
008 - FIXED-LENGTH DATA ELEMENTS--GENERAL INFORMATION
fixed length control field 191128s2012 ck gr 000 0dspa d
020 ## - INTERNATIONAL STANDARD BOOK NUMBER
International Standard Book Number 9789587491906
040 ## - CATALOGING SOURCE
Original cataloging agency CO-JMCR
Transcribing agency CO-JMCR
041 0# - LANGUAGE CODE
Language code of text/sound track or separate title spa
082 04 - DEWEY DECIMAL CLASSIFICATION NUMBER
Classification number 368.001 /
Item number P141s
Edition number 23
100 1# - MAIN ENTRY--PERSONAL NAME
Personal name Palacios Sánchez, Fernando,
Relator term autor
9 (RLIN) 8566
245 10 - TITLE STATEMENT
Title Seguro :
Remainder of title causas y soluciones de los conflictos entre asegurados y aseguradores con ocasión del siniestro /
Statement of responsibility, etc. Fernando Palacios Sánchez
260 ## - PUBLICATION, DISTRIBUTION, ETC.
Place of publication, distribution, etc. Bogotá :
Name of publisher, distributor, etc. Univeridad de la Sabana,
Date of publication, distribution, etc. 2012.
300 ## - PHYSICAL DESCRIPTION
Extent 192 páginas ;
Dimensions 24 cm.
490 ## - SERIES STATEMENT
Series statement Colección estudios facultad de derecho ;
Volume/sequential designation 1
500 ## - GENERAL NOTE
General note Incluye notas a pie de páginas, bibliografía: páginas 189-192.
505 0# - FORMATTED CONTENTS NOTE
Formatted contents note Problemas que se generan entre seguros y aseguradores con ocasión del siniestro -- Marco conceptual -- Problemas que se presentan entre asegurados y aseguradores con ocasión del siniestro, por desconocimiento de los aspectos propios del seguro
650 24 - SUBJECT ADDED ENTRY--TOPICAL TERM
Topical term or geographic name entry element Seguros
9 (RLIN) 8558
650 24 - SUBJECT ADDED ENTRY--TOPICAL TERM
Topical term or geographic name entry element Asegurados
9 (RLIN) 8567
650 24 - SUBJECT ADDED ENTRY--TOPICAL TERM
Topical term or geographic name entry element Problemas
9 (RLIN) 4555
942 ## - ADDED ENTRY ELEMENTS (KOHA)
Source of classification or shelving scheme Dewey Decimal Classification
Koha item type Books
Existencias
Withdrawn status Lost status Source of classification or shelving scheme Materials specified (bound volume or other part) Damaged status Not for loan Home library Current library Shelving location Date acquired Source of acquisition Full call number Barcode Date last seen Copy number Price effective from Koha item type
    Dewey Decimal Classification Donación--15/04/2018--     Biblioteca Pública José María del Castillo y Rada Biblioteca Pública José María del Castillo y Rada General Stacks 11/28/2019 Donación 368.001 / P141s 430011333 05/16/2024 Ej.1 11/28/2019 Books